000
00272as aa2200097a 44500
090
_a
SERIADAS
_b
00955
245
1
0
_a
Revista del Museo de La Plata
260
_b
Universidad Nacional de La Plata. Facultad Cienicas Naturales y Museo
_a
12
041
0
_a
EspaƱol
942
_c
REVISTA
999
_c
17095
_d
17095